LEADER 01147nam a2200265 i 4500 001 000000131572 003 CaOOAMICUS 005 20250603154714.0 008 041122s1968 it u000 u ita u 040 $aSeMil$bita 100 1 $aSteinbeck, John,$d<1902-1968>.$0(OLS)http://semarc/name/15451 245 00$aJohn Steinbeck :$bpremio Nobel per la letteratura 1962. 246 08$aLa vita e l'opera 264 1$aMilano :$bFratelli Fabbri Editori,$c1968. 300 $a279 p. ;$c23 cm. 490 1 $aI premi Nobel per la letteratura ;$v58. 600 14$aSteinbeck, John <1902-1968>.$0(OLS)http://semarc/subject/15607 830 2$aI premi Nobel per la letteratura ;$v58.$0(OLS)http://semarc/title/407024 850 $aSeMil 852 $aSeMil$W1$xVenegono$y1$m1W V 349$j257729$B85549$CSeMilBibl$Z2$F89275 $81 961 $aRecupero: Seminario di Seveso 996 $6245$aJohn Steinbeck :$bpremio Nobel per la letteratura 1962$9(OLS)http://semarc/title/454119 996 $6246$aLa vita e l'opera$9(OLS)http://semarc/title/193368 996 $6264$aMilano :$bFratelli Fabbri Editori$9(OLS)http://semarc/publisher/29845 LEADER 02225nam a2200349 4500 001 000000342834 003 CaOOAMICUS 005 20220203111920.0 008 201104s2017 gw 000 u ger r 020 $a978-3-11-035915-2 040 $aSeMil$bita 100 01$aCyrillus : Alexandrinus,$c.$0(OLS)http://semarc/name/480 240 10$aContra Iulianum.$0(OLS)http://semarc/title/431728 245 00$aTeil 2: Buch 6-10 und Fragmente /$cKyrill von Alexandrien ; herausgegeben von Wolfram Kinzig und Thomas Brüggemann ; in Zusammenarbeit mit Gerlinde Huber-Rebenich, Stefan Rebenich, Christoph Riedweg... [et al.] ; und unter wissenschaftlicher Mitarbeit von Michael Chronz, Nicola Schmid-Dümmler, Regina Füchslin... [et al.] ; Syrische Fragmente herausgegeben von Hubert Kaufhold. 264 1$aBerlin ; Boston :$bDe Gruyter,$c2017. 300 $aXV, 412-947 p. ;$c25 cm 490 1 $aDie griechischen christlichen Schriftsteller der ersten Jahruhunderte. Neue Folge ;$v21 500 $aBibliographie, p. [XI]-XV 546 $aTesto in greco antico o siriaco, traduzione e note in tedesco 700 1 $aRiedweg, Christoph,$d<1957- >.$0(OLS)http://semarc/name/85095 700 1 $aKinzig, Wolfram,$d<1960- >.$0(OLS)http://semarc/name/112397 700 1 $aBrüggemann, Thomas,$d<1972- >.$0(OLS)http://semarc/name/112398 700 1 $aHuber-Rebenich, Gerlinde ,$d<1959- >.$0(OLS)http://semarc/name/112399 700 1 $aKaufhold, Hubert,$d<1943- >.$0(OLS)http://semarc/name/112401 773 0 $t1. Band: Gegen Julian.$dBerlin ; Boston : De Gruyter, 2016-$kGriechischen christlichen Schriftsteller der ersten Jahruhunderte. Neue Folge$z978-3-11-035915-2$g1.2$w()342835 830 4$aDie griechischen christlichen Schriftsteller der ersten Jahruhunderte. Neue Folge ;$v21.$0(OLS)http://semarc/title/431726 850 $aSeMil 852 $aSeMil$W1$xVenegono$y1$m2UA K 21$j230401$B233696$CSeMilBibl$Z2$F233696 $81 996 $6020$a978-3-11-035915-2$9(OLS)http://semarc/number/291567 996 $6245$aTeil 2: Buch 6-10 und Fragmente$9(OLS)http://semarc/title/431729 996 $6264$aBerlin ; Boston :$bDe Gruyter$9(OLS)http://semarc/publisher/36449